000 00580nam a2200193Ia 4500
003 GCL
008 140319s9999 xx 000 0 eng d
040 _aGCL /
_cGCL
082 0 4 _a720.28
_bV M
100 1 _aVAGTS, KAREN A
245 1 0 _aMANAGING AUTOCAD IN THE DESIGN FIRM: A MANNUAL FOR ARCHITECTS AND INTERIOR DESIGNERS /
_cVAGTS, KAREN A
260 _a[S.N] :
_bADDISON - WESLEY PUBLISHING COMPANY ،
_c1996
300 _a490 P
650 0 4 _aART
650 0 4 _aAUTOCAD
650 0 4 _aARCHITECTURE - DATA PROCESSING
650 0 4 _aCOMPUTER - AIDED DESIGN
942 _2ddc
_cBK
999 _c13357
_d13357